[Event "Frankfurt Ch B 2017"]
[Site "Ffm-Höchst, BiKuZ"]
[Date "2017.05.15"]
[Round "4.3"]
[White "Bär, Christian"]
[Black "Goodwin, David"]
[Result "1-0"]
[WhiteElo "1469"]
[BlackElo "1456"]
[PlyCount "79"]
[EventDate "2017.??.??"]
[WhiteTeam "SC Steinbach"]
[BlackTeam "SV Kelsterbach"]

1. e4 g6 2. d4 Bg7 3. Nf3 d6 4. Nc3 a6 5. Be2 Nd7 6. O-O b5 7. a3 Bb7 8. Re1
Ngf6 9. e5 Nd5 10. e6 fxe6 11. Ng5 Nf8 12. Bf3 Qc8 13. Bg4 Nxc3 14. bxc3 Bd5
15. Bf3 Qb7 16. Nxe6 Nxe6 17. Rxe6 Bxf3 18. Qxf3 Qxf3 19. gxf3 Rf8 20. Bg5 Bf6
21. Bh6 Rf7 22. Rae1 Kd7 23. R6e4 Re8 24. f4 d5 25. Re6 c6 26. Kg2 Rg8 27. Bg5
Bxg5 28. fxg5 Rgg7 29. Kg3 Rf5 30. R6e5 Rgf7 31. Rxf5 Rxf5 32. f4 Kd6 33. h4
Rf7 34. h5 e6 35. hxg6 hxg6 36. Rh1 a5 37. Rh8 Rg7 38. Rd8+ Kc7 39. Ra8 a4 40.
Ra7+ 1-0

[Event "Frankfurt Ch B 2017"]
[Site "Ffm-Höchst, BiKuZ"]
[Date "2017.05.15"]
[Round "4.4"]
[White "Kiel, Gerhard"]
[Black "Giebitz, Walter"]
[Result "1-0"]
[WhiteElo "1441"]
[BlackElo "1212"]
[PlyCount "73"]
[EventDate "2017.??.??"]
[WhiteTeam "vereinslos"]
[BlackTeam "SC Steinbach"]

1. d4 d5 2. Nf3 Nf6 3. Bf4 Nc6 4. e3 e6 5. a3 Bd6 6. Bg3 O-O 7. Bd3 a5 8. Nbd2
h6 9. Qe2 Re8 10. Ne5 Bd7 11. f4 Be7 12. O-O Na7 13. Ndf3 c5 14. dxc5 Bxc5 15.
Nd4 Bxd4 16. exd4 Qb6 17. Nxd7 Nxd7 18. c3 f5 19. Bh4 Nf8 20. Rab1 Rac8 21. Be1
Qd6 22. Bd2 Nc6 23. Qh5 Nh7 24. Kh1 Qe7 25. Rbe1 Nf6 26. Qd1 Qd8 27. Rf3 Ng4
28. g3 Qb6 29. h3 Nf6 30. g4 fxg4 31. hxg4 g5 32. fxg5 Nxd4 33. Rxf6 hxg5 34.
cxd4 Qxd4 35. Rg6+ Kh8 36. Qf3 Re7 37. Bc3 1-0

[Event "Frankfurt Ch B 2017"]
[Site "Ffm-Höchst, BiKuZ"]
[Date "2017.05.15"]
[Round "4.5"]
[White "Ullrich, Lars"]
[Black "Mayer, Andreas"]
[Result "0-1"]
[WhiteElo "1246"]
[BlackElo "1434"]
[PlyCount "44"]
[EventDate "2017.??.??"]
[WhiteTeam "SC Ehrenberg"]
[BlackTeam "SF Frankfurt"]

1. d4 d5 2. c4 e5 3. dxe5 d4 4. Nf3 Nc6 5. a3 Nge7 6. e3 Nf5 7. exd4 Nfxd4 8.
Nxd4 Qxd4 9. Qxd4 Nxd4 10. Kd1 Bg4+ 11. f3 Nxf3 12. b3 O-O-O+ 13. Kc2 Nxe5 14.
Nc3 Bf5+ 15. Kb2 Nd3+ 16. Bxd3 Rxd3 17. Bf4 Bc5 18. Rhe1 Bd4 19. Rac1 Kd7 20.
Red1 Bxc3+ 21. Ka2 Rxd1 22. Rxd1+ Kc8 0-1

[Event "Frankfurt Ch B 2017"]
[Site "Ffm-Höchst, BiKuZ"]
[Date "2017.05.15"]
[Round "4.6"]
[White "Manasek, Martin"]
[Black "Arnold, Jan"]
[Result "0-1"]
[WhiteElo "1362"]
[BlackElo "1114"]
[PlyCount "86"]
[EventDate "2017.??.??"]
[WhiteTeam "Bad Vilbeler Sfr"]
[BlackTeam "SC Frankfurt-West"]

1. d4 d5 2. c4 e6 3. Nc3 Nf6 4. Bg5 c5 5. e3 cxd4 6. exd4 h6 7. Bxf6 Qxf6 8.
Nf3 dxc4 9. Bxc4 Be7 10. O-O O-O 11. Ne4 Qg6 12. Ng3 Nc6 13. Ne5 Nxe5 14. dxe5
Rd8 15. Qe2 Rd4 16. Bb3 Bc5 17. Rac1 b6 18. Bc2 Qg5 19. Rcd1 Bb7 20. a3 Rd5 21.
Rxd5 Bxd5 22. b4 Bd4 23. Re1 Bc3 24. Qe3 Bxe1 25. Qxe1 Rc8 26. Qd1 Qf4 27. h3
Bb3 28. Bh7+ Kxh7 29. Qxb3 Qc1+ 30. Kh2 Rc3 31. Qa4 Rxa3 32. Qe8 Ra1 33. h4 Qf4
34. Kh3 Re1 35. Qd7 Rxe5 36. Qd3+ g6 37. h5 Qf6 38. hxg6+ Qxg6 39. Qd1 f5 40.
Qd7+ Qg7 41. Qe8 Re1 42. f3 f4 43. Nh5 Rh1# 0-1

[Event "Frankfurt Ch B 2017"]
[Site "Ffm-Höchst, BiKuZ"]
[Date "2017.05.15"]
[Round "4.7"]
[White "Falk, Aniko Tim"]
[Black "Brunner, Andreas"]
[Result "0-1"]
[WhiteElo "1245"]
[BlackElo "1353"]
[PlyCount "30"]
[EventDate "2017.??.??"]
[WhiteTeam "SK Hungen"]
[BlackTeam "FV Berkersheim"]

1. e4 e6 2. d4 d5 3. e5 c5 4. Nf3 cxd4 5. Nxd4 Bc5 6. Be3 Nd7 7. Bf4 Qb6 8. c3
Qxb2 9. Nc2 Ne7 10. Bd3 Ng6 11. Qg4 Ngxe5 12. Qxg7 Nxd3+ 13. Kd2 Rf8 14. Kxd3
b6 15. Nd2 Ba6+ 0-1

[Event "Frankfurt Ch B 2017"]
[Site "Ffm-Höchst, BiKuZ"]
[Date "2017.05.15"]
[Round "4.8"]
[White "Landvoigt, Martin"]
[Black "Grünzig, Matthias"]
[Result "1/2-1/2"]
[WhiteElo "1177"]
[BlackElo "1312"]
[PlyCount "103"]
[EventDate "2017.??.??"]
[WhiteTeam "SF Friedberg"]
[BlackTeam "FV Berkersheim"]

1. d4 d5 2. c4 e6 3. Nc3 c5 4. e3 Nf6 5. Nf3 b6 6. b3 Bb7 7. Be2 Be7 8. O-O O-O
9. Ne5 Nbd7 10. Bf3 Bd6 11. cxd5 Bxe5 12. dxe6 Bxf3 13. Qxf3 fxe6 14. dxe5 Nd5
15. Qg4 Nxc3 16. Qxe6+ Rf7 17. Qc4 Nxa2 18. Rxa2 Nxe5 19. Qc3 Qc7 20. f4 Nc6
21. Rd2 Rd8 22. Rfd1 Rfd7 23. Bb2 Rxd2 24. Rxd2 Rxd2 25. Qxd2 Qd8 26. Qc3 Qd7
27. h3 Qf7 28. Kh2 Na5 29. b4 cxb4 30. Qxb4 Qb3 31. Qd4 Qf7 32. Bc3 Nc6 33. Qd6
Qe8 34. Qc7 Ne7 35. Qxa7 b5 36. f5 Kf7 37. e4 Qc6 38. Qd4 Ke8 39. f6 Qxf6 40.
Qxf6 gxf6 41. Bxf6 Kf7 42. Bb2 Ke6 43. Kg3 Ng6 44. h4 h5 45. Bc3 b4 46. Bxb4
Ke5 47. Bd2 Kxe4 48. Bg5 Kf5 49. Kf3 Ne5+ 50. Ke2 Kg4 51. Bf6 Ng6 52. Kf2
1/2-1/2

[Event "Frankfurt Ch B 2017"]
[Site "Ffm-Höchst, BiKuZ"]
[Date "2017.05.15"]
[Round "4.9"]
[White "Dröser, Wolfgang"]
[Black "Häfner, Günther"]
[Result "1/2-1/2"]
[WhiteElo "1311"]
[BlackElo "940"]
[PlyCount "44"]
[EventDate "2017.??.??"]
[WhiteTeam "SC Sulzbach"]
[BlackTeam "FV Berkersheim"]

1. f4 Nf6 2. Nf3 g6 3. b3 Bg7 4. Bb2 O-O 5. e3 d6 6. Be2 Re8 7. O-O c5 8. a4 a6
9. Na3 Nc6 10. c3 Be6 11. d3 Qb6 12. Nc4 Qc7 13. e4 Rad8 14. e5 dxe5 15. fxe5
Ng4 16. d4 Bxc4 17. Bxc4 Ne3 18. Qe2 Nxf1 19. Qxf1 e6 20. Re1 Ne7 21. g4 Rf8
22. Qh3 h6 1/2-1/2

[Event "Frankfurt Ch B 2017"]
[Site "Ffm-Höchst, BiKuZ"]
[Date "2017.05.15"]
[Round "4.10"]
[White "Wundram, Till"]
[Black "Winter, Thomas"]
[Result "0-1"]
[WhiteElo "917"]
[BlackElo "1303"]
[PlyCount "82"]
[EventDate "2017.??.??"]
[WhiteTeam "vereinslos"]
[BlackTeam "SV Oberursel"]

1. e4 d6 2. d4 Nf6 3. Nd2 g6 4. Ngf3 Bg7 5. Bd3 O-O 6. O-O Nbd7 7. b3 e5 8. Bb2
Re8 9. Qe2 c6 10. Rac1 Qc7 11. c4 b6 12. Nh4 Bb7 13. f4 exd4 14. Bxd4 c5 15.
Ba1 Bc6 16. Rf3 Qb7 17. Re3 Bh6 18. g3 Re7 19. Ng2 a6 20. Re1 b5 21. Qf2 Ng4
22. Qf1 Nxe3 23. Nxe3 Bg7 24. Nd5 Bxd5 25. cxd5 Bxa1 26. Rxa1 Nf6 27. h3 Rc8
28. Re1 Qb6 29. Kg2 Qa5 30. Qe2 Nxd5 31. a4 Nc3 32. Qf1 Nxa4 33. bxa4 Qxd2+ 34.
Qe2 Qxe2+ 35. Rxe2 c4 36. Bc2 b4 37. e5 dxe5 38. Rxe5 Rxe5 39. fxe5 b3 40. Bb1
c3 41. Kf2 c2 0-1

[Event "Frankfurt Ch B 2017"]
[Site "Ffm-Höchst, BiKuZ"]
[Date "2017.05.15"]
[Round "4.13"]
[White "Mongi, Mario"]
[Black "Pessotschinski, Eduard"]
[Result "1-0"]
[WhiteElo "1312"]
[BlackElo "1155"]
[PlyCount "89"]
[EventDate "2017.??.??"]
[WhiteTeam "SC Sulzbach"]
[BlackTeam "TuS Makkabi"]

1. d4 d5 2. c4 e6 3. Nf3 Nf6 4. Bg5 h6 5. Bh4 Nc6 6. e3 Be7 7. Nc3 O-O 8. Bd3
Re8 9. Rc1 b6 10. a3 Na5 11. cxd5 Nxd5 12. Bxe7 Rxe7 13. O-O Bb7 14. b4 Nc6 15.
Bb1 Nf6 16. Ne4 Rd7 17. Nxf6+ Qxf6 18. Be4 Nd8 19. Ne5 Re7 20. Bxb7 Nxb7 21.
Nc6 Rd7 22. Rc3 Nd6 23. Qd3 Qf5 24. Qxf5 Nxf5 25. Rfc1 f6 26. g4 Nd6 27. f3 a6
28. a4 Nf7 29. h4 Nd6 30. Kf2 Kf7 31. e4 Nb7 32. e5 Kg6 33. Ke3 f5 34. Rg1 Nd8
35. Nxd8 Raxd8 36. gxf5+ Kxf5 37. Rd1 Kg6 38. Rc6 Kf5 39. a5 Rb8 40. Rdc1 Rb7
41. axb6 cxb6 42. Rg1 Rdc7 43. Rxc7 Rxc7 44. Rg4 g6 45. Rf4# 1-0

[Event "Frankfurt Ch B 2017"]
[Site "Ffm-Höchst, BiKuZ"]
[Date "2017.05.15"]
[Round "4.14"]
[White "Schäfer, Dieter"]
[Black "Czinkota, Michael"]
[Result "1/2-1/2"]
[WhiteElo "1294"]
[BlackElo "790"]
[PlyCount "68"]
[EventDate "2017.??.??"]
[WhiteTeam "SV Ffm-Griesheim"]
[BlackTeam "SC Bad Soden"]

1. d4 d5 2. Bf4 Bf5 3. e3 e6 4. c4 c6 5. a3 Nf6 6. Nc3 g6 7. c5 b6 8. b4 Nbd7
9. Bd3 Bxd3 10. Qxd3 Bg7 11. Nf3 O-O 12. O-O a5 13. h3 axb4 14. axb4 bxc5 15.
bxc5 Ne4 16. Nxe4 dxe4 17. Qxe4 Nxc5 18. Rxa8 Nxe4 19. Rxd8 Rxd8 20. Rc1 Rc8
21. Ng5 Nxg5 22. Bxg5 f6 23. Bh4 e5 24. f4 Kf7 25. Kf2 Ke6 26. Kf3 exd4 27.
exd4 Kd5 28. Bf2 Bf8 29. g4 c5 30. dxc5 Bxc5 31. Bh4 f5 32. Rd1+ Bd4 33. Bf2
Rc3+ 34. Kg2 Rc4 1/2-1/2

[Event "Frankfurt Ch B 2017"]
[Site "Ffm-Höchst, BiKuZ"]
[Date "2017.05.15"]
[Round "4.15"]
[White "Mook, Karl-Jürgen"]
[Black "Lachmann, Irma"]
[Result "1-0"]
[WhiteElo "1262"]
[BlackElo "739"]
[PlyCount "69"]
[EventDate "2017.??.??"]
[WhiteTeam "SC Sulzbach"]
[BlackTeam "FV Berkersheim"]

1. Nf3 c5 2. c4 Nc6 3. g3 d6 4. Bg2 Nf6 5. Nc3 e5 6. d3 Bf5 7. O-O Bg6 8. Nd5
h6 9. Bd2 e4 10. dxe4 Nxe4 11. Bf4 Qd7 12. Nd2 Nf6 13. Nf3 Be7 14. Rc1 O-O 15.
Qa4 a6 16. Nb6 Qc7 17. Nxa8 Rxa8 18. Nd2 Qd7 19. Nb3 h5 20. Rfd1 Ne8 21. Nxc5
Qc8 22. Ne4 h4 23. Nxd6 Nxd6 24. Bxd6 Bg5 25. f4 Bf6 26. Rd2 Bd4+ 27. Kf1 Qe6
28. Rxd4 Re8 29. Rd2 Qe3 30. Qd1 Bf5 31. Rc3 Qc5 32. Rd5 Qe3 33. Rxe3 Rxe3 34.
Kf2 Re5 35. Bxe5 1-0

[Event "Frankfurt Ch B 2017"]
[Site "Ffm-Höchst, BiKuZ"]
[Date "2017.05.15"]
[Round "4.19"]
[White "Fredershausen, Kurt"]
[Black "Barth, Horst"]
[Result "0-1"]
[WhiteElo "998"]
[BlackElo "1292"]
[PlyCount "128"]
[EventDate "2017.??.??"]
[WhiteTeam "SC Bad Soden"]
[BlackTeam "SF Mainz"]

1. e4 e5 2. Nf3 Nc6 3. Nc3 Bc5 4. a3 Nf6 5. h3 d6 6. d3 O-O 7. b4 Bd4 8. Nxd4
Nxd4 9. Ne2 b6 10. Nxd4 exd4 11. Be2 Bb7 12. O-O Re8 13. Bf3 Rb8 14. Re1 Nd7
15. Bf4 Qf6 16. Bg3 Bc8 17. Qd2 Ne5 18. Be2 Bd7 19. f4 Qg6 20. Kh2 Nc6 21. f5
Qf6 22. Rf1 h6 23. Bh5 Qg5 24. Qxg5 hxg5 25. Rf2 Re7 26. f6 gxf6 27. Rxf6 Kg7
28. Raf1 Rf8 29. Bg4 Bxg4 30. hxg4 Ne5 31. Bxe5 dxe5 32. g3 Re6 33. Rxe6 fxe6
34. Rxf8 Kxf8 35. Kg2 Ke7 36. Kf2 Kd6 37. Ke2 Kc6 38. Kd2 Kb5 39. c3 Ka4 40.
Kc2 Kxa3 41. b5 Ka4 42. c4 Ka5 43. Kb3 a6 44. bxa6 Kxa6 45. Kb4 c6 46. Ka4 b5+
47. cxb5+ cxb5+ 48. Kb4 Kb6 49. Ka3 Ka5 50. Kb2 Kb4 51. Kc2 Ka3 52. Kc1 Ka2 53.
Kc2 b4 54. Kc1 b3 55. Kd2 b2 56. Ke2 b1=Q 57. Kd2 Kb2 58. Ke2 Kc3 59. Kf2 Qxd3
60. Kg2 Qd1 61. Kf2 Kd3 62. Kg2 Ke3 63. Kh2 Kf2 64. Kh3 Qh1# 0-1

[Event "Frankfurt Ch B 2017"]
[Site "Ffm-Höchst, BiKuZ"]
[Date "2017.05.15"]
[Round "4.20"]
[White "Ratfai, Miksa"]
[Black "Burkart, Lloyd Shang"]
[Result "1-0"]
[WhiteElo "1102"]
[BlackElo "774"]
[PlyCount "47"]
[EventDate "2017.??.??"]
[WhiteTeam "SC Bad Soden"]
[BlackTeam "TuS Makkabi"]

1. e4 c5 2. Nf3 Nc6 3. Nc3 e6 4. Bb5 Be7 5. d4 d6 6. d5 Bd7 7. dxc6 bxc6 8. Ba4
Rb8 9. e5 d5 10. O-O f6 11. Qe2 Nh6 12. Qa6 Qc7 13. b3 fxe5 14. Re1 e4 15. Nxe4
dxe4 16. Rxe4 O-O 17. Bxh6 gxh6 18. Qe2 Bf6 19. Re1 Rf7 20. Ne5 Rg7 21. Nxd7
Qxd7 22. Rxe6 Qd5 23. Re8+ Rxe8 24. Qxe8# 1-0

[Event "Frankfurt Ch B 2017"]
[Site "Ffm-Höchst, BiKuZ"]
[Date "2017.05.15"]
[Round "4.21"]
[White "Pessotschinski, Lars"]
[Black "Henrich, Gerhard"]
[Result "0-1"]
[WhiteElo "849"]
[BlackElo "1121"]
[PlyCount "48"]
[EventDate "2017.??.??"]
[WhiteTeam "TuS Makkabi"]
[BlackTeam "SV Hofheim"]

1. e4 e5 2. Nf3 Nc6 3. d4 exd4 4. Nxd4 Nxd4 5. Qxd4 d6 6. Bc4 Nf6 7. e5 dxe5 8.
Qxd8+ Kxd8 9. Bxf7 b6 10. Bc4 Bb7 11. O-O Bd6 12. Nc3 a6 13. Rd1 h6 14. b3 Ke7
15. a4 Rad8 16. Ba3 Rhf8 17. Rd2 Ne4 18. Nxe4 Bxe4 19. Bxa6 Bxa3 20. Rxd8 Rxd8
21. Rxa3 Rd1+ 22. Bf1 Bxc2 23. b4 e4 24. g3 Bd3 0-1

[Event "Frankfurt Ch A 2017"]
[Site "Ffm-Höchst, BiKuZ"]
[Date "2017.05.22"]
[Round "5.1"]
[White "Poetsch, Hagen"]
[Black "Milov, Leonid"]
[Result "1/2-1/2"]
[WhiteElo "2474"]
[BlackElo "2391"]
[PlyCount "30"]
[EventDate "2017.??.??"]
[WhiteTeam "SF Schöneck"]
[BlackTeam "SC Noris-Tarrasch Nürnberg"]

1. e4 c5 2. Nf3 e6 3. d4 cxd4 4. Nxd4 Nc6 5. Nc3 Qc7 6. Be3 a6 7. Qf3 Nf6 8.
O-O-O h5 9. Nxc6 dxc6 10. Qg3 Qxg3 11. hxg3 b5 12. Be2 e5 13. Bg5 Be7 14. f4
Ng4 15. Bxe7 Kxe7 1/2-1/2

[Event "Frankfurt Ch A 2017"]
[Site "Ffm-Höchst, BiKuZ"]
[Date "2017.05.22"]
[Round "5.2"]
[White "Minor, Samuel"]
[Black "Uwira, Oliver"]
[Result "1-0"]
[WhiteElo "2186"]
[BlackElo "2230"]
[PlyCount "67"]
[EventDate "2017.??.??"]
[WhiteTeam "Wiesbadener SV"]
[BlackTeam "SC Nied"]

1. e4 c5 2. Nf3 Nc6 3. Nc3 Nf6 4. Bb5 Qc7 5. O-O Nd4 6. Re1 a6 7. Bc4 Ng4 8. e5
Nxf3+ 9. gxf3 Nxe5 10. Nd5 Qd6 11. Rxe5 Qxe5 12. d4 Qd6 13. Bf4 Qg6+ 14. Kh1 b5
15. Nc7+ Kd8 16. Bd3 Qh5 17. Nxa8 Bb7 18. Be4 d5 19. dxc5 Bxa8 20. Qd2 f6 21.
Rd1 e6 22. Qa5+ Ke8 23. Qxa6 dxe4 24. Qxa8+ Kf7 25. Qxe4 Bxc5 26. Rd7+ Be7 27.
Bd6 Re8 28. Qb7 Qd5 29. Rxe7+ Rxe7 30. Qxe7+ Kg6 31. Kg2 e5 32. Bb4 h5 33. Qd6
Qxa2 34. Qd3+ 1-0

[Event "Frankfurt Ch A 2017"]
[Site "Ffm-Höchst, BiKuZ"]
[Date "2017.05.22"]
[Round "5.3"]
[White "Nehmert, Ulrich"]
[Black "Kaliski, Erwin"]
[Result "1/2-1/2"]
[WhiteElo "2144"]
[BlackElo "2129"]
[PlyCount "54"]
[EventDate "2017.??.??"]
[WhiteTeam "Wiesbadener SV"]
[BlackTeam "SC Bad Nauheim"]

1. e4 e5 2. Nf3 Nf6 3. Nxe5 d6 4. Nxf7 Kxf7 5. d4 Bg4 6. f3 Bh5 7. Bd3 Nc6 8.
O-O Nxd4 9. g4 Bg6 10. g5 d5 11. gxf6 gxf6 12. Nc3 Bc5 13. Kh1 c6 14. exd5 cxd5
15. Be3 Ne6 16. Bxc5 Nxc5 17. Bxg6+ hxg6 18. Qxd5+ Qxd5 19. Nxd5 Rh5 20. Rad1
Re8 21. Rf2 Rhe5 22. Kg2 Ne6 23. Kf1 Ng7 24. Nc3 R8e7 25. Re2 Rxe2 26. Nxe2 Nf5
27. Rc1 Rd7 1/2-1/2

[Event "Frankfurt Ch A 2017"]
[Site "Ffm-Höchst, BiKuZ"]
[Date "2017.05.22"]
[Round "5.4"]
[White "Hovsepyan, Vardan"]
[Black "Reschke, Thomas"]
[Result "1/2-1/2"]
[WhiteElo "2149"]
[BlackElo "2095"]
[PlyCount "67"]
[EventDate "2017.??.??"]
[WhiteTeam "FVS ASP Hoyerswerda"]
[BlackTeam "SC Frankfurt-West"]

1. Nf3 g6 2. e4 Bg7 3. Nc3 c6 4. d4 d5 5. h3 Nh6 6. Bd3 f6 7. O-O Nf7 8. Ne1
dxe4 9. Bxe4 f5 10. Bd3 Qxd4 11. Nf3 Qd8 12. Bf4 Be6 13. Qe2 Bd5 14. Nxd5 cxd5
15. Ng5 Nxg5 16. Bxg5 Nc6 17. c3 Qd7 18. Rad1 O-O 19. Bb5 e6 20. Be3 a6 21.
Bxc6 bxc6 22. Bd4 Qd6 23. Bxg7 Kxg7 24. f4 Rfe8 25. Rde1 c5 26. Rf3 Rab8 27.
Re3 Rb6 28. Re5 c4 29. b4 cxb3 30. axb3 Rxb3 31. Rxe6 Rxe6 32. Qxe6 Qxe6 33.
Rxe6 Rxc3 34. Rxa6 1/2-1/2

[Event "Frankfurt Ch A 2017"]
[Site "Ffm-Höchst, BiKuZ"]
[Date "2017.05.22"]
[Round "5.5"]
[White "Prenzler, Daniel"]
[Black "Bennedik, Martin"]
[Result "1-0"]
[WhiteElo "2253"]
[BlackElo "2003"]
[PlyCount "69"]
[EventDate "2017.??.??"]
[WhiteTeam "SC Nied"]
[BlackTeam "SV Frankfurt Nord"]

1. e4 e5 2. Nf3 Nc6 3. Bc4 Nf6 4. Ng5 d5 5. exd5 Na5 6. Bb5+ c6 7. dxc6 bxc6 8.
Bd3 Bc5 9. O-O O-O 10. Nc3 h6 11. Nge4 Nxe4 12. Bxe4 Ba6 13. d3 f5 14. Bf3 Qf6
15. Na4 Bd6 16. Qe1 Nb7 17. Bxc6 Rac8 18. Bd5+ Kh8 19. c4 Nc5 20. Nxc5 Rxc5 21.
f4 Re8 22. Qf2 Rcc8 23. Be3 exf4 24. Bxa7 Be5 25. d4 Bc7 26. Bc5 Re3 27. b4
Rce8 28. b5 Bc8 29. a4 Re2 30. Rae1 f3 31. Bxf3 Rxf2 32. Rxe8+ Kh7 33. Rxf2 Bd7
34. Re7 Qg5 35. Rxd7 1-0

[Event "Frankfurt Ch A 2017"]
[Site "Ffm-Höchst, BiKuZ"]
[Date "2017.05.22"]
[Round "5.6"]
[White "Chandler, Patrick"]
[Black "Moldenhauer, Jürgen"]
[Result "1-0"]
[WhiteElo "2121"]
[BlackElo "1939"]
[Annotator "Schloessner,Henrik"]
[PlyCount "122"]
[EventDate "2017.??.??"]
[WhiteTeam "SC Nied"]
[BlackTeam "SK Weinheim"]

1. e4 c5 2. Nf3 d6 3. d4 cxd4 4. Nxd4 Nf6 5. Nc3 a6 6. Bc4 e6 7. Bb3 Nbd7 8.
Be3 Nc5 9. f3 Be7 10. a4 Nxb3 11. Nxb3 b6 12. Qd4 Rb8 13. O-O O-O 14. Rfd1 Qc7
15. Qd2 Bb7 16. g4 Nd7 17. Nd4 Ne5 18. Bf2 Rbc8 19. Qc1 Nc6 20. Nxc6 Bxc6 21.
Qe3 Rb8 22. Bg3 Rbd8 23. Ne2 b5 24. axb5 Bxb5 25. Nd4 Qc5 26. c3 d5 27. e5 Qb6
28. Bf2 Ra8 29. f4 Bc5 30. Qg3 Qc7 31. Rd2 Bc4 32. f5 exf5 33. gxf5 Rfe8 34.
Nf3 f6 35. e6 Qxg3+ 36. hxg3 Bxf2+ 37. Kxf2 g6 38. g4 {Ab hier nicht mehr
eindeutig nachvollziehbar. Mögliche Zugfolge:} h5 39. Nd4 hxg4 40. fxg6 Kg7
41. Rg1 f5 42. Nxf5+ Kxg6 43. Nd4 Rf8+ 44. Ke3 Kg5 45. Rh2 Rf1 46. Rxf1 Bxf1
47. Rf2 Bb5 48. Rf5+ Kh4 49. Kf4 g3 50. e7 Rg8 51. Rf8 Rg4+ 52. Kf3 Re4 53.
Rh8+ Kg5 54. Nxb5 Rxe7 55. Nd4 Rb7 56. b4 Re7 57. Rg8+ Kf6 58. Rxg3 Rc7 59. Ke2
Ra7 60. Rf3+ Kg6 61. Kd3 a5 1-0

[Event "Frankfurt Ch A 2017"]
[Site "Ffm-Höchst, BiKuZ"]
[Date "2017.05.22"]
[Round "5.7"]
[White "Zweschper, Erich"]
[Black "Sarközy, Benjamin"]
[Result "1/2-1/2"]
[WhiteElo "2016"]
[BlackElo "2106"]
[PlyCount "75"]
[EventDate "2017.??.??"]
[WhiteTeam "SVG Eppstein"]
[BlackTeam "SC Somborn"]

1. d4 g6 2. Nf3 Bg7 3. e4 d6 4. Bc4 Nf6 5. Qe2 O-O 6. O-O c6 7. Bb3 Bg4 8. c3
d5 9. Nbd2 e6 10. Qe3 Bxf3 11. Qxf3 a5 12. e5 Nfd7 13. Qh3 a4 14. Bc2 Qe7 15.
Nf3 Rc8 16. Be3 c5 17. Bd3 Nc6 18. a3 Na5 19. Rad1 cxd4 20. cxd4 Nc4 21. Bc1 b5
22. Ng5 Nf8 23. f4 b4 24. f5 exf5 25. g4 Nxb2 26. gxf5 Rxc1 27. f6 Qa7 28. fxg7
Qxd4+ 29. Kh1 Rxd1 30. gxf8=Q+ Kxf8 31. Ne6+ Kg8 32. Nxd4 Nxd3 33. Kg1 Nf4 34.
Qg4 Rxd4 35. Rxf4 h5 36. Qg3 Rxf4 37. Qxf4 b3 38. e6 1/2-1/2

[Event "Frankfurt Ch A 2017"]
[Site "Ffm-Höchst, BiKuZ"]
[Date "2017.05.22"]
[Round "5.8"]
[White "Teschler, Ulrich"]
[Black "Neininger, Ralph"]
[Result "0-1"]
[WhiteElo "1973"]
[BlackElo "2101"]
[PlyCount "150"]
[EventDate "2017.??.??"]
[WhiteTeam "SV Fechenheim"]
[BlackTeam "Frankfurter TV"]

1. e4 e6 2. d4 d5 3. exd5 exd5 4. c4 dxc4 5. Bxc4 Bd6 6. Nc3 Nf6 7. Nge2 O-O 8.
O-O Nc6 9. f3 Bf5 10. Be3 a6 11. Ng3 Bxg3 12. hxg3 Qd6 13. Ne2 Nd5 14. Bf2 Rad8
15. a3 Nb6 16. Ba2 Be6 17. Bb1 Bc4 18. Bd3 Rfe8 19. b3 Bxd3 20. Qxd3 Nd5 21.
Ra2 Rd7 22. Rd1 Rde7 23. Rdd2 h5 24. Nc3 Re3 25. Bxe3 Rxe3 26. Ne4 Rxd3 27.
Nxd6 Rxd2 28. Rxd2 cxd6 29. Kf2 f6 30. Ke2 Kf7 31. Kd3 Ke6 32. Re2+ Kd7 33. Kc4
Nb6+ 34. Kc3 d5 35. Re1 Nc8 36. Rh1 g6 37. Rh4 Nd6 38. g4 hxg4 39. Rxg4 g5 40.
a4 Nf5 41. f4 Nh6 42. Rg3 g4 43. Rd3 a5 44. Rd1 Nf5 45. Rh1 Nfxd4 46. Rh7+ Kd6
47. Kd3 Nxb3 48. Rg7 f5 49. Kc2 Nc5 50. Kb1 b6 51. Rg6+ Ne6 52. Rf6 Ncd4 53.
Kb2 Kc5 54. g3 Kb4 55. Ka2 Kxa4 56. Rh6 Kb4 57. Rh2 b5 58. Rb2+ Kc3 59. Rb1 Kd3
60. Kb2 Ke3 61. Ra1 a4 62. Kc3 b4+ 63. Kb2 a3+ 64. Kb1 Kf3 65. Ra2 Kxg3 66. Ka1
Kxf4 67. Rf2+ Ke3 68. Rf1 f4 69. Re1+ Kd2 70. Rb1 f3 71. Ka2 f2 72. Rc1 Kxc1
73. Ka1 f1=Q 74. Ka2 Qe2+ 75. Ka1 Qb2# 0-1

[Event "Frankfurt Ch A 2017"]
[Site "Ffm-Höchst, BiKuZ"]
[Date "2017.05.22"]
[Round "5.10"]
[White "Kuhn, Luis"]
[Black "Schwenkreis, Thomas"]
[Result "1/2-1/2"]
[WhiteElo "1896"]
[BlackElo "2036"]
[PlyCount "69"]
[EventDate "2017.??.??"]
[WhiteTeam "SC Flörsheim"]
[BlackTeam "SV Oberursel"]

1. e4 e5 2. Nf3 Nc6 3. d4 exd4 4. Nxd4 Bc5 5. Nb3 Bb6 6. Nc3 a6 7. Qe2 Nge7 8.
Be3 Bxe3 9. Qxe3 O-O 10. O-O-O d6 11. f4 a5 12. a4 Nb4 13. Qf3 Bd7 14. g4 Qe8
15. Bb5 c6 16. Be2 d5 17. exd5 Nexd5 18. Rhe1 Qc8 19. Nc5 Be8 20. N3e4 Qc7 21.
c3 b6 22. cxb4 bxc5 23. bxc5 f5 24. Nd6 fxg4 25. Qg3 Qa7 26. Qa3 Nb4 27. Bc4+
Kh8 28. Qe3 Bg6 29. f5 Bxf5 30. Rf1 Bg6 31. Rxf8+ Rxf8 32. b3 h6 33. Qe6 Bh7
34. Nf7+ Kg8 35. Nxh6+ 1/2-1/2

[Event "Frankfurt Ch A 2017"]
[Site "Ffm-Höchst, BiKuZ"]
[Date "2017.05.22"]
[Round "5.11"]
[White "Winand, Edgar"]
[Black "Rondonuwu, Grover"]
[Result "1/2-1/2"]
[WhiteElo "1872"]
[BlackElo "2036"]
[PlyCount "63"]
[EventDate "2017.??.??"]
[WhiteTeam "SC Flörsheim"]
[BlackTeam "Frankfurter TV"]

1. g4 d5 2. Bg2 c6 3. h3 g6 4. d3 Bg7 5. Nc3 e5 6. e4 Ne7 7. Nf3 O-O 8. Bg5 f6
9. Bh4 Be6 10. O-O Nd7 11. d4 dxe4 12. Nxe4 Qc7 13. dxe5 Nxe5 14. Nxe5 fxe5 15.
Qd6 Qxd6 16. Nxd6 Nd5 17. Nxb7 Rab8 18. Nc5 Bc8 19. Nd3 Ba6 20. Rfd1 Bxd3 21.
Bxd5+ cxd5 22. Rxd3 Rxb2 23. Rxd5 Rxc2 24. a4 e4 25. Re1 Re8 26. Bg5 Ra2 27.
Rc1 Rf8 28. Be3 Rxa4 29. Rd7 Ra1 30. Rxa1 Bxa1 31. Rxa7 Bf6 32. Kg2 1/2-1/2

[Event "Frankfurt Ch A 2017"]
[Site "Ffm-Höchst, BiKuZ"]
[Date "2017.05.22"]
[Round "5.12"]
[White "Hinz, André"]
[Black "Calvi, Stefan"]
[Result "0-1"]
[WhiteElo "1729"]
[BlackElo "2016"]
[PlyCount "114"]
[EventDate "2017.??.??"]
[WhiteTeam "SC Brett vorm Kopp"]
[BlackTeam "SF Frankfurt"]

1. c4 Nf6 2. g3 g6 3. Bg2 Bg7 4. Nc3 d6 5. Rb1 O-O 6. d3 c5 7. a3 Nc6 8. b4 Nd7
9. Bd2 e5 10. e3 f5 11. Nge2 cxb4 12. axb4 Nf6 13. O-O Ne7 14. Qb3 Kh8 15. Rfc1
Nh5 16. Rc2 g5 17. f4 gxf4 18. exf4 Ng6 19. Nd5 Be6 20. Bf3 Bxd5 21. Bxh5 Qb6+
22. Kf1 Bh1 23. Nc3 exf4 24. gxf4 Rae8 25. Re1 Rxe1+ 26. Bxe1 Qe3 27. Bxg6 hxg6
28. Nd5 Qf3+ 29. Rf2 Bg2+ 30. Kg1 Bd4 31. Qc3 Qxf2+ 32. Bxf2 Bxc3 33. Kxg2 Bg7
34. Bxa7 Ra8 35. Bb6 Ra3 36. d4 Rd3 37. Ne7 Bxd4 38. c5 dxc5 39. bxc5 Kg7 40.
Nc8 Rc3 41. Nd6 Bxc5 42. Bxc5 Rxc5 43. Nxb7 Rd5 44. Kg3 Kf6 45. Kh4 Ke7 46. Kg5
Rb5 47. Kxg6 Rxb7 48. Kxf5 Kf7 49. Kg5 Rb2 50. h4 Rg2+ 51. Kf5 Rg1 52. h5 Rg2
53. h6 Rg1 54. Ke5 Rh1 55. Kf5 Rxh6 56. Kg5 Rh1 57. f5 Rg1+ 0-1

[Event "Frankfurt Ch A 2017"]
[Site "Ffm-Höchst, BiKuZ"]
[Date "2017.05.22"]
[Round "5.13"]
[White "Medvedovski, Michael"]
[Black "Zimpfer, Andreas"]
[Result "1-0"]
[WhiteElo "2029"]
[BlackElo "1822"]
[PlyCount "71"]
[EventDate "2017.??.??"]
[WhiteTeam "Frankfurter TV"]
[BlackTeam "SC Matt im Park"]

1. e4 c5 2. Nf3 d6 3. d4 cxd4 4. Nxd4 Nf6 5. Nc3 a6 6. Be2 e5 7. Nb3 Be7 8. Be3
O-O 9. g4 Be6 10. g5 Nfd7 11. Qd2 b5 12. O-O-O Nb6 13. Kb1 N8d7 14. h4 b4 15.
Nd5 Bxd5 16. exd5 a5 17. h5 f5 18. f4 a4 19. Nc1 b3 20. cxb3 axb3 21. Nxb3 Qb8
22. Bb5 Qa7 23. a4 exf4 24. Bf2 Nc5 25. Nxc5 dxc5 26. d6 Bxg5 27. Bxc5 Qb7 28.
Bxb6 Qxb6 29. Rhg1 h6 30. d7 Kh8 31. Qd5 Rad8 32. Rde1 Bf6 33. Rg2 Qd4 34. Qxf5
Bh4 35. Re8 Bf6 36. Bd3 1-0